000 00313nam a22001337a 4500
008 171221b xxu||||| |||| 00| 0 eng d
020 _a9780945700043
041 _aeng
080 _a37
100 _a46
101 _aEDU
245 _aTHE UNDERGROUND HISTORY OF AMERICAN EDUCATION
_cGATTO,J,T
942 _2udc
_cBK
999 _c39290
_d39290